Space, earth and communication

Bewaard in:
Bibliografische gegevens
Hoofdauteur: Edward W. Ploman
Formaat: Boek
Taal:Undetermined
Gepubliceerd in: London Frances Priner 1984
Onderwerpen:
Tags: Voeg label toe
Geen labels, Wees de eerste die dit record labelt!
Thư viện lưu trữ: Trung tâm Học liệu Trường Đại học Cần Thơ
LEADER 00499nam a2200181Ia 4500
001 CTU_87187
008 210402s9999 xx 000 0 und d
082 |a 384.5 
082 |b P696 
100 |a Edward W. Ploman 
245 0 |a Space, earth and communication 
245 0 |c Edward W. Ploman 
260 |a London 
260 |b Frances Priner 
260 |c 1984 
650 |a Artificial satellites in telecommunication 
904 |i Hiếu 
980 |a Trung tâm Học liệu Trường Đại học Cần Thơ